LEADER 00977nam0-2200361---450- 001 990009387670403321 005 20110628141822.0 010 $a0838505872 035 $a000938767 035 $aFED01000938767 035 $a(Aleph)000938767FED01 035 $a000938767 100 $a20110628d1995----km-y0itay50------ba 101 0 $aeng 102 $aGB 105 $a--------001yy 200 1 $aBasic histology$fL. Carlos Junqueira, José Carneiro, Robert O. Kelley 205 $a8th ed. 210 $aLondon$cPrentice-Hall$d©1995 215 $a488 p. 225 1 $a<>lange medical book 610 0 $aIstologia 676 $a611.018 700 1$aJunqueira,$bLuiz Carlos$0291494 701 1$aCarneiro,$bJosé$0361851 701 1$aKelley,$bRobert O.$091496 801 0$aIT$bUNINA$gRICA$2UNIMARC 901 $aBK 912 $a990009387670403321 952 $aIIId C 326$b13168$fDMVSF 959 $aDMVSF 996 $aBasic histology$945968 997 $aUNINA LEADER 02870nam 2200721 450 001 9910464836103321 005 20200520144314.0 010 $a0-7735-9701-8 035 $a(CKB)3710000000120189 035 $a(EBL)3332710 035 $a(SSID)ssj0001327324 035 $a(PQKBManifestationID)11728763 035 $a(PQKBTitleCode)TC0001327324 035 $a(PQKBWorkID)11267654 035 $a(PQKB)10673624 035 $a(MiAaPQ)EBC3332710 035 $a(CEL)447312 035 $a(OCoLC)887636509 035 $a(CaBNVSL)slc00234733 035 $a(Au-PeEL)EBL3332710 035 $a(CaPaEBR)ebr10874966 035 $a(EXLCZ)993710000000120189 100 $a20140606h20142014 uy 0 101 0 $aeng 135 $aurcnu|||||||| 181 $ctxt 182 $cc 183 $acr 200 10$aFrom India to Israel $eidentity, immigration and the struggle for religious equality /$fJoseph Hodes 210 1$aMontreal, Quebec :$cMcGill-Queen's University Press,$d2014. 210 4$d©2014 215 $a1 online resource (229 p.) 225 1 $aMcGill-Queen's Studies in the History of Religion. Series Two ;$v69 300 $aBased on thesis (doctoral) - York University, 2011, under title: From India to Israel : the journey of a Jewish community. 311 $a0-7735-4339-2 320 $aIncludes bibliographical references and index. 327 $aIntroduction: The Bene Israel in Premodern India -- 1 The Modern Period -- 2 Zionism Comes to the Bene Israel -- 3 The Ingathering of Exiles -- 4 Arrival in Israel -- Conclusion. 330 $aBetween May 1948 and December 1951, Israel received approximately 684,000 immigrants from across the globe. This book examines Israel's first decades through the perspective of an Indian Jewish community, the Bene Israel, who would go on to play an important role in the creation of the state. 410 0$aMcGill-Queen's studies in the history of religion.$nSeries two ;$v69. 606 $aBene-Israel$xHistory 606 $aJews$zIndia$xHistory 606 $aJews$xIdentity$xHistory 606 $aFreedom of religion$zIndia$xHistory 606 $aFreedom of religion$zIsrael$vHistory 607 $aIndia$xEmigration and immigration$xHistory 607 $aIsrael$xEmigration and immigration$xHistory 607 $aIndia$xEthnic relations$xHistory 607 $aIsrael$xEthnic relations$xHistory 608 $aElectronic books. 615 0$aBene-Israel$xHistory. 615 0$aJews$xHistory. 615 0$aJews$xIdentity$xHistory. 615 0$aFreedom of religion$xHistory. 615 0$aFreedom of religion 676 $a954.004/924 700 $aHodes$b Joseph$0868840 801 0$bMiAaPQ 801 1$bMiAaPQ 801 2$bMiAaPQ 906 $aBOOK 912 $a9910464836103321 996 $aFrom India to Israel$91939561 997 $aUNINA LEADER 02454nam 2200541 a 450 001 9910785390803321 005 20230721013502.0 010 $a3-8366-2298-X 035 $a(CKB)2670000000053222 035 $a(EBL)594979 035 $a(OCoLC)679421034 035 $a(SSID)ssj0000654966 035 $a(PQKBManifestationID)12256581 035 $a(PQKBTitleCode)TC0000654966 035 $a(PQKBWorkID)10596309 035 $a(PQKB)11485175 035 $a(MiAaPQ)EBC594979 035 $a(Au-PeEL)EBL594979 035 $a(CaPaEBR)ebr10487505 035 $a(EXLCZ)992670000000053222 100 $a20110824d2009 uy 0 101 0 $aeng 135 $aur|n|---||||| 181 $ctxt 182 $cc 183 $acr 200 10$aCollapse analysis of externally prestressed structures$b[electronic resource] /$fJens Tandler 210 $aHamburg $cDiplomica Verlag$d2009 215 $a1 online resource (148 p.) 300 $aTitle from cover. 311 $a3-8366-7298-7 320 $aIncludes bibliographical references. 327 $aCollapse analysis of externally prestressed structures; Abstract; Contents at a Glance; Contents; Acknowledgements; Notation; 1 Introduction; 2 Behaviour of externally prestressed structures; 3 Collapse analysis; 4 Results; 5 Discussion of the results; 6 Conclusion and Recommendations; References; Codes of practice; Appendix 330 $aThe use of external prestressing is becoming more popular throughout Europe due to their expected higher durability and the possibility of active maintenance of the prestressing cables. Questions have been raised about the behaviour of these structures beyond service loads.A comprehensive numerical analysis has been carried out comparing the behaviour of three different types of externally prestressed bridges to a conventionally internally prestressed bridge. The external types are a monolithically built bridge with external tendons, a monolithically built bridge with external tendons and 606 $aPrestressed construction 606 $aBuilding failures 615 0$aPrestressed construction. 615 0$aBuilding failures. 676 $a624.28 676 $a624/.28 700 $aTandler$b Jens$01484322 801 0$bMiAaPQ 801 1$bMiAaPQ 801 2$bMiAaPQ 906 $aBOOK 912 $a9910785390803321 996 $aCollapse analysis of externally prestressed structures$93702909 997 $aUNINA